<?xml version="1.0" encoding="UTF-8"?>
<record
    xmlns:xsi="http://www.w3.org/2001/XMLSchema-instance"
    xsi:schemaLocation="http://www.loc.gov/MARC21/slim http://www.loc.gov/standards/marcxml/schema/MARC21slim.xsd"
    xmlns="http://www.loc.gov/MARC21/slim">

  <leader>00486nam a2200193   4500</leader>
  <controlfield tag="003">SEACOMEC</controlfield>
  <controlfield tag="005">20250206130102.0</controlfield>
  <controlfield tag="008">240319b        |||||||| |||| 00| 0 eng d</controlfield>
  <datafield tag="020" ind1=" " ind2=" ">
    <subfield code="c">RS.140.00</subfield>
  </datafield>
  <datafield tag="040" ind1=" " ind2=" ">
    <subfield code="a">SEACOMEC</subfield>
  </datafield>
  <datafield tag="041" ind1=" " ind2=" ">
    <subfield code="a">English</subfield>
  </datafield>
  <datafield tag="082" ind1=" " ind2=" ">
    <subfield code="a">510.02462</subfield>
    <subfield code="b">P153</subfield>
  </datafield>
  <datafield tag="100" ind1=" " ind2=" ">
    <subfield code="a">Pal, B.K</subfield>
  </datafield>
  <datafield tag="245" ind1=" " ind2=" ">
    <subfield code="a">Engineering Mathematics.- Vol-3 A /</subfield>
    <subfield code="c">B.K. Pal &amp; K. Das </subfield>
  </datafield>
  <datafield tag="250" ind1=" " ind2=" ">
    <subfield code="a">3rd rev ed</subfield>
  </datafield>
  <datafield tag="260" ind1=" " ind2=" ">
    <subfield code="a">Kolkata</subfield>
    <subfield code="b">U. N. DHUR AND SONS</subfield>
    <subfield code="c">2008</subfield>
  </datafield>
  <datafield tag="300" ind1=" " ind2=" ">
    <subfield code="a">  Vol- 3 A</subfield>
  </datafield>
  <datafield tag="942" ind1=" " ind2=" ">
    <subfield code="c">BOOK</subfield>
  </datafield>
  <datafield tag="952" ind1=" " ind2=" ">
    <subfield code="0">0</subfield>
    <subfield code="1">0</subfield>
    <subfield code="2">ddc</subfield>
    <subfield code="4">0</subfield>
    <subfield code="7">0</subfield>
    <subfield code="a">SEACOMEC</subfield>
    <subfield code="b">SEACOMEC</subfield>
    <subfield code="d">2007-08-07</subfield>
    <subfield code="l">0</subfield>
    <subfield code="o">510.02462 P153</subfield>
    <subfield code="p">7811</subfield>
    <subfield code="r">2024-07-24 16:29:19</subfield>
    <subfield code="w">2024-07-24</subfield>
    <subfield code="y">BOOK</subfield>
  </datafield>
  <datafield tag="952" ind1=" " ind2=" ">
    <subfield code="0">0</subfield>
    <subfield code="1">0</subfield>
    <subfield code="2">ddc</subfield>
    <subfield code="4">0</subfield>
    <subfield code="7">0</subfield>
    <subfield code="a">SEACOMEC</subfield>
    <subfield code="b">SEACOMEC</subfield>
    <subfield code="d">2007-08-07</subfield>
    <subfield code="l">0</subfield>
    <subfield code="o">510.02462 P153</subfield>
    <subfield code="p">7812</subfield>
    <subfield code="r">2024-07-24 16:29:19</subfield>
    <subfield code="t">1</subfield>
    <subfield code="w">2024-07-24</subfield>
    <subfield code="y">BOOK</subfield>
  </datafield>
  <datafield tag="952" ind1=" " ind2=" ">
    <subfield code="0">0</subfield>
    <subfield code="1">0</subfield>
    <subfield code="2">ddc</subfield>
    <subfield code="4">0</subfield>
    <subfield code="7">0</subfield>
    <subfield code="a">SEACOMEC</subfield>
    <subfield code="b">SEACOMEC</subfield>
    <subfield code="d">2007-08-07</subfield>
    <subfield code="l">0</subfield>
    <subfield code="o">510.02462 P153</subfield>
    <subfield code="p">7813</subfield>
    <subfield code="r">2024-07-24 16:29:19</subfield>
    <subfield code="t">2</subfield>
    <subfield code="w">2024-07-24</subfield>
    <subfield code="y">BOOK</subfield>
  </datafield>
  <datafield tag="952" ind1=" " ind2=" ">
    <subfield code="0">0</subfield>
    <subfield code="1">0</subfield>
    <subfield code="2">ddc</subfield>
    <subfield code="4">0</subfield>
    <subfield code="7">0</subfield>
    <subfield code="a">SEACOMEC</subfield>
    <subfield code="b">SEACOMEC</subfield>
    <subfield code="d">2007-08-07</subfield>
    <subfield code="l">1</subfield>
    <subfield code="o">510.02462 P153</subfield>
    <subfield code="p">7814</subfield>
    <subfield code="q">2026-04-24</subfield>
    <subfield code="r">2026-04-10 11:23:08</subfield>
    <subfield code="s">2026-04-10</subfield>
    <subfield code="t">3</subfield>
    <subfield code="w">2024-07-24</subfield>
    <subfield code="y">BOOK</subfield>
  </datafield>
  <datafield tag="952" ind1=" " ind2=" ">
    <subfield code="0">0</subfield>
    <subfield code="1">0</subfield>
    <subfield code="2">ddc</subfield>
    <subfield code="4">0</subfield>
    <subfield code="7">0</subfield>
    <subfield code="a">SEACOMEC</subfield>
    <subfield code="b">SEACOMEC</subfield>
    <subfield code="d">2007-08-07</subfield>
    <subfield code="l">0</subfield>
    <subfield code="o">510.02462 P153</subfield>
    <subfield code="p">7815</subfield>
    <subfield code="r">2024-07-24 16:29:19</subfield>
    <subfield code="t">4</subfield>
    <subfield code="w">2024-07-24</subfield>
    <subfield code="y">BOOK</subfield>
  </datafield>
  <datafield tag="952" ind1=" " ind2=" ">
    <subfield code="0">0</subfield>
    <subfield code="1">0</subfield>
    <subfield code="2">ddc</subfield>
    <subfield code="4">0</subfield>
    <subfield code="7">0</subfield>
    <subfield code="a">SEACOMEC</subfield>
    <subfield code="b">SEACOMEC</subfield>
    <subfield code="d">2007-08-07</subfield>
    <subfield code="l">0</subfield>
    <subfield code="o">510.02462 P153</subfield>
    <subfield code="p">7816</subfield>
    <subfield code="r">2024-07-24 16:29:19</subfield>
    <subfield code="t">5</subfield>
    <subfield code="w">2024-07-24</subfield>
    <subfield code="y">BOOK</subfield>
  </datafield>
  <datafield tag="952" ind1=" " ind2=" ">
    <subfield code="0">0</subfield>
    <subfield code="1">0</subfield>
    <subfield code="2">ddc</subfield>
    <subfield code="4">0</subfield>
    <subfield code="7">0</subfield>
    <subfield code="a">SEACOMEC</subfield>
    <subfield code="b">SEACOMEC</subfield>
    <subfield code="d">2007-08-07</subfield>
    <subfield code="l">0</subfield>
    <subfield code="o">510.02462 P153</subfield>
    <subfield code="p">7817</subfield>
    <subfield code="r">2024-07-24 16:29:19</subfield>
    <subfield code="t">6</subfield>
    <subfield code="w">2024-07-24</subfield>
    <subfield code="y">BOOK</subfield>
  </datafield>
  <datafield tag="952" ind1=" " ind2=" ">
    <subfield code="0">0</subfield>
    <subfield code="1">0</subfield>
    <subfield code="2">ddc</subfield>
    <subfield code="4">0</subfield>
    <subfield code="7">0</subfield>
    <subfield code="a">SEACOMEC</subfield>
    <subfield code="b">SEACOMEC</subfield>
    <subfield code="d">2007-08-07</subfield>
    <subfield code="l">0</subfield>
    <subfield code="o">510.02462 P153</subfield>
    <subfield code="p">7818</subfield>
    <subfield code="r">2024-07-24 16:29:19</subfield>
    <subfield code="t">7</subfield>
    <subfield code="w">2024-07-24</subfield>
    <subfield code="y">BOOK</subfield>
  </datafield>
  <datafield tag="952" ind1=" " ind2=" ">
    <subfield code="0">0</subfield>
    <subfield code="1">0</subfield>
    <subfield code="2">ddc</subfield>
    <subfield code="4">0</subfield>
    <subfield code="7">0</subfield>
    <subfield code="a">SEACOMEC</subfield>
    <subfield code="b">SEACOMEC</subfield>
    <subfield code="d">2007-08-07</subfield>
    <subfield code="l">0</subfield>
    <subfield code="o">510.02462 P153</subfield>
    <subfield code="p">7819</subfield>
    <subfield code="r">2024-07-24 16:29:19</subfield>
    <subfield code="t">8</subfield>
    <subfield code="w">2024-07-24</subfield>
    <subfield code="y">BOOK</subfield>
  </datafield>
  <datafield tag="952" ind1=" " ind2=" ">
    <subfield code="0">0</subfield>
    <subfield code="1">0</subfield>
    <subfield code="2">ddc</subfield>
    <subfield code="4">0</subfield>
    <subfield code="7">0</subfield>
    <subfield code="a">SEACOMEC</subfield>
    <subfield code="b">SEACOMEC</subfield>
    <subfield code="d">2007-08-07</subfield>
    <subfield code="l">0</subfield>
    <subfield code="o">510.02462 P153</subfield>
    <subfield code="p">7820</subfield>
    <subfield code="r">2024-07-24 16:29:19</subfield>
    <subfield code="t">9</subfield>
    <subfield code="w">2024-07-24</subfield>
    <subfield code="y">BOOK</subfield>
  </datafield>
  <datafield tag="952" ind1=" " ind2=" ">
    <subfield code="0">0</subfield>
    <subfield code="1">0</subfield>
    <subfield code="2">ddc</subfield>
    <subfield code="4">0</subfield>
    <subfield code="7">0</subfield>
    <subfield code="a">SEACOMEC</subfield>
    <subfield code="b">SEACOMEC</subfield>
    <subfield code="d">2007-08-07</subfield>
    <subfield code="l">0</subfield>
    <subfield code="o">510.02462 P153</subfield>
    <subfield code="p">7821</subfield>
    <subfield code="r">2024-07-24 16:29:19</subfield>
    <subfield code="t">10</subfield>
    <subfield code="w">2024-07-24</subfield>
    <subfield code="y">BOOK</subfield>
  </datafield>
  <datafield tag="952" ind1=" " ind2=" ">
    <subfield code="0">0</subfield>
    <subfield code="1">0</subfield>
    <subfield code="2">ddc</subfield>
    <subfield code="4">0</subfield>
    <subfield code="7">0</subfield>
    <subfield code="a">SEACOMEC</subfield>
    <subfield code="b">SEACOMEC</subfield>
    <subfield code="d">2007-08-07</subfield>
    <subfield code="l">0</subfield>
    <subfield code="o">510.02462 P153</subfield>
    <subfield code="p">7822</subfield>
    <subfield code="r">2024-07-24 16:29:19</subfield>
    <subfield code="t">11</subfield>
    <subfield code="w">2024-07-24</subfield>
    <subfield code="y">BOOK</subfield>
  </datafield>
  <datafield tag="952" ind1=" " ind2=" ">
    <subfield code="0">0</subfield>
    <subfield code="1">0</subfield>
    <subfield code="2">ddc</subfield>
    <subfield code="4">0</subfield>
    <subfield code="7">0</subfield>
    <subfield code="a">SEACOMEC</subfield>
    <subfield code="b">SEACOMEC</subfield>
    <subfield code="d">2007-08-07</subfield>
    <subfield code="l">0</subfield>
    <subfield code="o">510.02462 P153</subfield>
    <subfield code="p">7823</subfield>
    <subfield code="r">2024-07-24 16:29:19</subfield>
    <subfield code="t">12</subfield>
    <subfield code="w">2024-07-24</subfield>
    <subfield code="y">BOOK</subfield>
  </datafield>
  <datafield tag="952" ind1=" " ind2=" ">
    <subfield code="0">0</subfield>
    <subfield code="1">0</subfield>
    <subfield code="2">ddc</subfield>
    <subfield code="4">0</subfield>
    <subfield code="7">0</subfield>
    <subfield code="a">SEACOMEC</subfield>
    <subfield code="b">SEACOMEC</subfield>
    <subfield code="d">2007-08-07</subfield>
    <subfield code="l">0</subfield>
    <subfield code="o">510.02462 P153</subfield>
    <subfield code="p">7824</subfield>
    <subfield code="r">2024-07-24 16:29:19</subfield>
    <subfield code="t">13</subfield>
    <subfield code="w">2024-07-24</subfield>
    <subfield code="y">BOOK</subfield>
  </datafield>
  <datafield tag="952" ind1=" " ind2=" ">
    <subfield code="0">0</subfield>
    <subfield code="1">0</subfield>
    <subfield code="2">ddc</subfield>
    <subfield code="4">0</subfield>
    <subfield code="7">0</subfield>
    <subfield code="a">SEACOMEC</subfield>
    <subfield code="b">SEACOMEC</subfield>
    <subfield code="d">2007-08-07</subfield>
    <subfield code="l">0</subfield>
    <subfield code="o">510.02462 P153</subfield>
    <subfield code="p">7825</subfield>
    <subfield code="r">2024-07-24 16:29:19</subfield>
    <subfield code="t">14</subfield>
    <subfield code="w">2024-07-24</subfield>
    <subfield code="y">BOOK</subfield>
  </datafield>
  <datafield tag="952" ind1=" " ind2=" ">
    <subfield code="0">0</subfield>
    <subfield code="1">0</subfield>
    <subfield code="2">ddc</subfield>
    <subfield code="4">0</subfield>
    <subfield code="7">0</subfield>
    <subfield code="a">SEACOMEC</subfield>
    <subfield code="b">SEACOMEC</subfield>
    <subfield code="d">2008-08-07</subfield>
    <subfield code="l">0</subfield>
    <subfield code="o">510.02462 P153</subfield>
    <subfield code="p">12773</subfield>
    <subfield code="r">2025-02-06 13:01:44</subfield>
    <subfield code="t">15</subfield>
    <subfield code="w">2025-02-06</subfield>
    <subfield code="y">BOOK</subfield>
  </datafield>
  <datafield tag="952" ind1=" " ind2=" ">
    <subfield code="0">0</subfield>
    <subfield code="1">0</subfield>
    <subfield code="2">ddc</subfield>
    <subfield code="4">0</subfield>
    <subfield code="7">0</subfield>
    <subfield code="a">SEACOMEC</subfield>
    <subfield code="b">SEACOMEC</subfield>
    <subfield code="d">2008-08-07</subfield>
    <subfield code="l">0</subfield>
    <subfield code="o">510.02462 P153</subfield>
    <subfield code="p">12774</subfield>
    <subfield code="r">2025-02-06 13:01:44</subfield>
    <subfield code="t">16</subfield>
    <subfield code="w">2025-02-06</subfield>
    <subfield code="y">BOOK</subfield>
  </datafield>
  <datafield tag="952" ind1=" " ind2=" ">
    <subfield code="0">0</subfield>
    <subfield code="1">0</subfield>
    <subfield code="2">ddc</subfield>
    <subfield code="4">0</subfield>
    <subfield code="7">0</subfield>
    <subfield code="a">SEACOMEC</subfield>
    <subfield code="b">SEACOMEC</subfield>
    <subfield code="d">2008-08-07</subfield>
    <subfield code="l">0</subfield>
    <subfield code="o">510.02462 P153</subfield>
    <subfield code="p">12775</subfield>
    <subfield code="r">2025-02-06 13:01:44</subfield>
    <subfield code="t">17</subfield>
    <subfield code="w">2025-02-06</subfield>
    <subfield code="y">BOOK</subfield>
  </datafield>
  <datafield tag="952" ind1=" " ind2=" ">
    <subfield code="0">0</subfield>
    <subfield code="1">0</subfield>
    <subfield code="2">ddc</subfield>
    <subfield code="4">0</subfield>
    <subfield code="7">0</subfield>
    <subfield code="a">SEACOMEC</subfield>
    <subfield code="b">SEACOMEC</subfield>
    <subfield code="d">2008-08-07</subfield>
    <subfield code="l">0</subfield>
    <subfield code="o">510.02462 P153</subfield>
    <subfield code="p">12776</subfield>
    <subfield code="r">2025-02-06 13:01:44</subfield>
    <subfield code="t">18</subfield>
    <subfield code="w">2025-02-06</subfield>
    <subfield code="y">BOOK</subfield>
  </datafield>
  <datafield tag="952" ind1=" " ind2=" ">
    <subfield code="0">0</subfield>
    <subfield code="1">0</subfield>
    <subfield code="2">ddc</subfield>
    <subfield code="4">0</subfield>
    <subfield code="7">0</subfield>
    <subfield code="a">SEACOMEC</subfield>
    <subfield code="b">SEACOMEC</subfield>
    <subfield code="d">2008-08-07</subfield>
    <subfield code="l">0</subfield>
    <subfield code="o">510.02462 P153</subfield>
    <subfield code="p">12777</subfield>
    <subfield code="r">2025-02-06 13:01:44</subfield>
    <subfield code="t">19</subfield>
    <subfield code="w">2025-02-06</subfield>
    <subfield code="y">BOOK</subfield>
  </datafield>
  <datafield tag="952" ind1=" " ind2=" ">
    <subfield code="0">0</subfield>
    <subfield code="1">0</subfield>
    <subfield code="2">ddc</subfield>
    <subfield code="4">0</subfield>
    <subfield code="7">0</subfield>
    <subfield code="a">SEACOMEC</subfield>
    <subfield code="b">SEACOMEC</subfield>
    <subfield code="d">2008-08-07</subfield>
    <subfield code="l">0</subfield>
    <subfield code="o">510.02462 P153</subfield>
    <subfield code="p">12778</subfield>
    <subfield code="r">2025-02-06 13:01:44</subfield>
    <subfield code="t">20</subfield>
    <subfield code="w">2025-02-06</subfield>
    <subfield code="y">BOOK</subfield>
  </datafield>
  <datafield tag="952" ind1=" " ind2=" ">
    <subfield code="0">0</subfield>
    <subfield code="1">0</subfield>
    <subfield code="2">ddc</subfield>
    <subfield code="4">0</subfield>
    <subfield code="7">0</subfield>
    <subfield code="a">SEACOMEC</subfield>
    <subfield code="b">SEACOMEC</subfield>
    <subfield code="d">2008-08-07</subfield>
    <subfield code="l">0</subfield>
    <subfield code="o">510.02462 P153</subfield>
    <subfield code="p">12779</subfield>
    <subfield code="r">2025-02-06 13:01:44</subfield>
    <subfield code="t">21</subfield>
    <subfield code="w">2025-02-06</subfield>
    <subfield code="y">BOOK</subfield>
  </datafield>
  <datafield tag="952" ind1=" " ind2=" ">
    <subfield code="0">0</subfield>
    <subfield code="1">0</subfield>
    <subfield code="2">ddc</subfield>
    <subfield code="4">0</subfield>
    <subfield code="7">0</subfield>
    <subfield code="a">SEACOMEC</subfield>
    <subfield code="b">SEACOMEC</subfield>
    <subfield code="d">2008-08-07</subfield>
    <subfield code="l">0</subfield>
    <subfield code="o">510.02462 P153</subfield>
    <subfield code="p">12780</subfield>
    <subfield code="r">2025-02-06 13:01:44</subfield>
    <subfield code="t">22</subfield>
    <subfield code="w">2025-02-06</subfield>
    <subfield code="y">BOOK</subfield>
  </datafield>
  <datafield tag="952" ind1=" " ind2=" ">
    <subfield code="0">0</subfield>
    <subfield code="1">0</subfield>
    <subfield code="2">ddc</subfield>
    <subfield code="4">0</subfield>
    <subfield code="7">0</subfield>
    <subfield code="a">SEACOMEC</subfield>
    <subfield code="b">SEACOMEC</subfield>
    <subfield code="d">2008-08-07</subfield>
    <subfield code="l">0</subfield>
    <subfield code="o">510.02462 P153</subfield>
    <subfield code="p">12781</subfield>
    <subfield code="r">2025-02-06 13:01:44</subfield>
    <subfield code="t">23</subfield>
    <subfield code="w">2025-02-06</subfield>
    <subfield code="y">BOOK</subfield>
  </datafield>
  <datafield tag="952" ind1=" " ind2=" ">
    <subfield code="0">0</subfield>
    <subfield code="1">0</subfield>
    <subfield code="2">ddc</subfield>
    <subfield code="4">0</subfield>
    <subfield code="7">0</subfield>
    <subfield code="a">SEACOMEC</subfield>
    <subfield code="b">SEACOMEC</subfield>
    <subfield code="d">2008-08-07</subfield>
    <subfield code="l">0</subfield>
    <subfield code="o">510.02462 P153</subfield>
    <subfield code="p">12782</subfield>
    <subfield code="r">2025-02-06 13:01:44</subfield>
    <subfield code="t">24</subfield>
    <subfield code="w">2025-02-06</subfield>
    <subfield code="y">BOOK</subfield>
  </datafield>
  <datafield tag="952" ind1=" " ind2=" ">
    <subfield code="0">0</subfield>
    <subfield code="1">0</subfield>
    <subfield code="2">ddc</subfield>
    <subfield code="4">0</subfield>
    <subfield code="7">0</subfield>
    <subfield code="a">SEACOMEC</subfield>
    <subfield code="b">SEACOMEC</subfield>
    <subfield code="d">2008-08-07</subfield>
    <subfield code="l">0</subfield>
    <subfield code="o">510.02462 P153</subfield>
    <subfield code="p">12783</subfield>
    <subfield code="r">2025-02-06 13:01:44</subfield>
    <subfield code="t">25</subfield>
    <subfield code="w">2025-02-06</subfield>
    <subfield code="y">BOOK</subfield>
  </datafield>
  <datafield tag="952" ind1=" " ind2=" ">
    <subfield code="0">0</subfield>
    <subfield code="1">0</subfield>
    <subfield code="2">ddc</subfield>
    <subfield code="4">0</subfield>
    <subfield code="7">0</subfield>
    <subfield code="a">SEACOMEC</subfield>
    <subfield code="b">SEACOMEC</subfield>
    <subfield code="d">2008-08-07</subfield>
    <subfield code="l">0</subfield>
    <subfield code="o">510.02462 P153</subfield>
    <subfield code="p">12784</subfield>
    <subfield code="r">2025-02-06 13:01:44</subfield>
    <subfield code="t">26</subfield>
    <subfield code="w">2025-02-06</subfield>
    <subfield code="y">BOOK</subfield>
  </datafield>
  <datafield tag="952" ind1=" " ind2=" ">
    <subfield code="0">0</subfield>
    <subfield code="1">0</subfield>
    <subfield code="2">ddc</subfield>
    <subfield code="4">0</subfield>
    <subfield code="7">0</subfield>
    <subfield code="a">SEACOMEC</subfield>
    <subfield code="b">SEACOMEC</subfield>
    <subfield code="d">2008-08-07</subfield>
    <subfield code="l">0</subfield>
    <subfield code="o">510.02462 P153</subfield>
    <subfield code="p">12785</subfield>
    <subfield code="r">2025-02-06 13:01:44</subfield>
    <subfield code="t">27</subfield>
    <subfield code="w">2025-02-06</subfield>
    <subfield code="y">BOOK</subfield>
  </datafield>
  <datafield tag="952" ind1=" " ind2=" ">
    <subfield code="0">0</subfield>
    <subfield code="1">0</subfield>
    <subfield code="2">ddc</subfield>
    <subfield code="4">0</subfield>
    <subfield code="7">0</subfield>
    <subfield code="a">SEACOMEC</subfield>
    <subfield code="b">SEACOMEC</subfield>
    <subfield code="d">2008-08-07</subfield>
    <subfield code="l">0</subfield>
    <subfield code="o">510.02462 P153</subfield>
    <subfield code="p">12786</subfield>
    <subfield code="r">2025-02-06 13:01:44</subfield>
    <subfield code="t">28</subfield>
    <subfield code="w">2025-02-06</subfield>
    <subfield code="y">BOOK</subfield>
  </datafield>
  <datafield tag="952" ind1=" " ind2=" ">
    <subfield code="0">0</subfield>
    <subfield code="1">0</subfield>
    <subfield code="2">ddc</subfield>
    <subfield code="4">0</subfield>
    <subfield code="7">0</subfield>
    <subfield code="a">SEACOMEC</subfield>
    <subfield code="b">SEACOMEC</subfield>
    <subfield code="d">2008-08-07</subfield>
    <subfield code="l">0</subfield>
    <subfield code="o">510.02462 P153</subfield>
    <subfield code="p">12787</subfield>
    <subfield code="r">2025-02-06 13:01:44</subfield>
    <subfield code="t">29</subfield>
    <subfield code="w">2025-02-06</subfield>
    <subfield code="y">BOOK</subfield>
  </datafield>
  <datafield tag="999" ind1=" " ind2=" ">
    <subfield code="c">1483</subfield>
    <subfield code="d">1483</subfield>
  </datafield>
</record>
